Cities and Their Nicknames - Statistics

General Stats
  • This quiz has been taken 571 times
  • The average score is 5 of 16
Answer Stats
Nickname City % Correct
Sin City Las Vegas, USA
81%
The Forbidden City Beijing, China
78%
The Square Mile London, England
65%
The Holy City Jerusalem, Israel
58%
Big D Dallas, USA
49%
The Fair City Dublin, Ireland
43%
The Harbour City Sydney, Australia
38%
The Emerald City Seattle, USA
35%
Auld Reekie Edinburgh, Scotland
24%
The Hub Boston, USA
21%
Granite City Aberdeen, Scotland
20%
The Peace Capital Geneva, Switzerland
15%
The Big Smoke Vancouver, Canada
6%
City of the Kings Lima, Peru
4%
Golden Triangle Kuala Lumpur, Malaysia
3%
Angels City Nice, France
1%
No matching quizzes found
Score Distribution
Percent of People with Each Score
Percentile by Number Answered
Your Score History
You have not taken this quiz